What got you here wont get you there (Registro nro. 19598)
[ vista simple ]
| 000 -LEADER | |
|---|---|
| fixed length control field | 00337 a2200121 4500 |
| 001 - CONTROL NUMBER | |
| control field | ART_17546 |
| 005 - DATE AND TIME OF LATEST TRANSACTION | |
| control field | 20260410161750.0 |
| 008 - FIXED-LENGTH DATA ELEMENTS--GENERAL INFORMATION | |
| fixed length control field | 260409a |
| 100 1# - MAIN ENTRY--PERSONAL NAME | |
| Personal name | Goldsmith, Marshall |
| 245 10 - TITLE STATEMENT | |
| Title | What got you here wont get you there |
| 700 1# - ADDED ENTRY--PERSONAL NAME | |
| Personal name | Reiter, Mark |
| 773 0# - HOST ITEM ENTRY | |
| Title | Book Summary |
| Related parts | - Nº 12 (ene. 2009) |
| Record control number | REV4099 |
No hay ítems disponibles.